Pantera - Vulgar Display of Power Songs - Statistics

General Stats
  • This quiz has been taken 33 times
  • The average score is 9 of 11
Answer Stats
Length Song % Correct
5:14 Walk
96%
3:57 Mouth for War
92%
3:57 A New Level
88%
4:36 Rise
85%
6:32 This Love
85%
4:40 By Demons Be Driven
77%
2:48 Fucking Hostile
77%
5:48 Hollow
77%
5:00 Live in a Hole
77%
4:49 No Good (Attack the Radical)
69%
5:27 Regular People (Conceit)
65%
No matching quizzes found
Score Distribution
Percent of People with Each Score
Percentile by Number Answered
Your Score History
You have not taken this quiz